Lectures on urban economics
Na minha lista:
| Autor principal: | |
|---|---|
| Formato: | Livro |
| Idioma: | inglês |
| Publicado em: |
Cambridge
<The> MIT Press
2011
|
| Assuntos: | |
| Tags: |
Sem tags, seja o primeiro a adicionar uma tag!
|
MARC
| LEADER | 00000nam a2200000 4500 | ||
|---|---|---|---|
| 001 | 0170087 | ||
| 005 | 20250225121242.0 | ||
| 020 | |a 978-0-262-30030-8 | ||
| 041 | 0 | |a eng | |
| 044 | |a US | ||
| 245 | 1 | 0 | |a Lectures on urban economics |c Jan K. Brueckner |
| 264 | 1 | |a Cambridge |b <The> MIT Press |c 2011 | |
| 300 | |a online [x, 285 p.] | ||
| 500 | |a EBSCO e-books Economics Collection 2012 | ||
| 610 | 2 | 0 | |a urbanizmus |
| 610 | 2 | 0 | |a urbanizácia |
| 610 | 2 | 0 | |a mestá |
| 610 | 2 | 0 | |a bývanie |
| 610 | 2 | 0 | |a znečistenie ovzdušia |
| 610 | 2 | 0 | |a znečistenie prostredia životného |
| 610 | 2 | 0 | |a kriminalita |
| 100 | 1 | |a Brueckner, Jan K. | |